Κατάλογος Βιβλιοθηκών Mediterranean College

Φορολογικό Δικαιο και Φοροτεχνική / Φορολογικά Συστήματα, Φορολογία Εισοδήματος Φυσικών Προσώπων, Φορολογία Εισοδήματος Νομικών Προσώπων, Φορολογία Πλοίων, Φορολογία Ακίνητης Περιουσίας, Φορολογία Κληρονομίων και Δωρεών και Κερδών εκ Λαχείου, Φορολογικά Κίνητρα. (Record no. 4355)

MARC details
000 -LEADER
fixed length control field 01525cam a22001814a 4500
005 - ΗΜΕΡΟΜΗΝΙΑ ΚΑΙ ΩΡΑ ΤΕΛΕΥΤΑΙΑΣ ΕΝΗΜΕΡΩΣΗΣ
Πεδίο ελέγχου 20250605163430.0
008 - FIXED-LENGTH DATA ELEMENTS--GENERAL INFORMATION
Πεδίο ελέγχου σταθερού μήκους 250528s ||||||||||||||||||||||||d
035 ## - SYSTEM CONTROL NUMBER
System control number 19072
040 ## - ΠΗΓΗ ΚΑΤΑΛΟΓΟΓΡΑΦΗΣΗΣ
Φορέας πρωτότυπης καταλογογράφησης MC Athens Campus Library
Γλώσσα καταλογογράφησης Ελληνικά, Μοντέρνα (1453-)
Modifying agency MC Athens Campus Library
Κανόνες περιγραφικής καταλογογράφησης AACR2
245 1# - ΤΙΤΛΟΣ ΚΑΙ ΔΗΛΩΣΗ ΥΠΕΥΘΥΝΟΤΗΤΑΣ
Τίτλος Φορολογικό Δικαιο και Φοροτεχνική / Φορολογικά Συστήματα, Φορολογία Εισοδήματος Φυσικών Προσώπων, Φορολογία Εισοδήματος Νομικών Προσώπων, Φορολογία Πλοίων, Φορολογία Ακίνητης Περιουσίας, Φορολογία Κληρονομίων και Δωρεών και Κερδών εκ Λαχείου, Φορολογικά Κίνητρα.
260 ## - PUBLICATION, DISTRIBUTION, ETC.
Name of publisher, distributor, etc. Θεοδώρου Π. Τυρόβολα,
Date of publication, distribution, etc. 1981
300 ## - PHYSICAL DESCRIPTION
Extent 192
520 ## - SUMMARY, ETC.
Summary, etc. Φόροι και Φορολογικά Συστήματα, Φορολογία εισοδήματος Φυσικών Προσώπων, Τα Εισοδήματα κατά Πηγή, Φορολογία Εισοδήματος Νομικών Προσώπων, Φορολογία Πλοίων, Φορολογία Ακίνητης Περιουσίας, Φορολογία Κληρονομίων και Δωρεών και Κερδών εκ Λαχείων, Ο Φόρος Κύκλου Εργασιών (Φ.Κ.Ε.), Φορολογικά Κίνητρα, Διεθνές και Κοινωνικό Δίκαιο.
700 1# - ΠΡΟΣΘΕΤΗ ΑΝΑΓΡΑΦΗ--ΦΥΣΙΚΟ ΠΡΟΣΩΠΟ
Personal name Σφακιανος Γρηγοριος Κ
942 ## - ADDED ENTRY ELEMENTS (KOHA)
Koha item type Books
Holdings
Τύπος τεκμηρίου Βιβλιοθήκη Τρέχουσα τοποθεσία Barcode Αριθμός εισαγωγής Ημερομηνία απόκτησης Ταξιθετικό σύμβολο Αριθμός αντιτύπου Κατάσταση απόσυρσης Κατάσταση χαμένου Κατάσταση κατεστραμμένου Μη δανεισμός Σύνολο δανεισμών Ημερομηνία τελευταίας εμφάνισης Η τιμή ισχύει από
Books MC Athens Campus Library MC Athens Campus Library 9780000043542 4010 05/06/2025 343.04 SFA 1           05/06/2025 05/06/2025

MC Athens Campus Library
Πατησίων 94 & Κοδριγκτώνος 13, 104 34
Πελλήνης 8 & Πατησίων 107, 112 51
Τ: +30 210 8899600

MC Thessaloniki Campus Library
Ίωνος Δραγούμη 21, 54625 | Ίωνος Δραγούμη 15, 54625
Τ: +30 2310 287779 – Τ: +30 2314 440300